Science Quiz

Random Science or Elements Quiz

Decay Elements Quiz Stats

 Plays Quiz Updated Jun 27, 2018

Score 0/11 Timer 04:00
0 Plays Today
A# Element % Correct
94Plutonium
76.3%
86Radon
61.1%
88Radium
59.7%
93Neptunium
49.7%
87Francium
48.9%
84Polonium
48.7%
43Technetium
42%
89Actinium
41.3%
85Astatine
39%
91Protactinium
33.7%
61Promethium
29.1%

You're not logged in!

Compare scores with friends on all Sporcle quizzes.
OR
Log In

Sporcle TV

Today on Sporcle TV


Watch our educational content, quiz creation guides, and fun videos on Sporcle TV.

Show Comments

Extras

Top Quizzes Today


Score Distribution

Your Account Isn't Verified!

In order to create a playlist on Sporcle, you need to verify the email address you used during registration. Go to your Sporcle Settings to finish the process.

Report this User

Report this user for behavior that violates our Community Guidelines.

Details: